| 000 | 01816nam0a2200313 i 4500 | ||
|---|---|---|---|
| 001 | RU\NLR\BIBL_A\010741464 | ||
| 005 | 20240921213025.0 | ||
| 010 |
_a9785730709904 _9100 |
||
| 021 |
_aRU _b2015-18564 _91107 |
||
| 035 | _a(NILC)RuMoRGB-007892538 | ||
| 035 | _a(NLR Aleph) 010741464 | ||
| 090 |
_a9905313 _c9905313 |
||
| 100 | _a20150429d2014 km y0rusy50 ca | ||
| 101 | 0 | _arus | |
| 102 | _aRU | ||
| 105 | _aa j 000yy | ||
| 200 | 1 |
_aПродовольственный комплекс России _eучебное пособие _e[для бакалавров, обучающихся по направлению 100.800.62 "Товароведение", профиль "Товарный менеджмент"] _fВ. П. Карагодин _gМ-во образования и науки Российской Федерации, Федеральное гос. бюджетное образовательное учреждение высш. проф. образования "Российский экономический ун-т им. Г. В. Плеханова" (ФГБОУ ВПО "РЭУ им. Г. В. Плеханова") |
|
| 210 |
_aМосква _cФГБОУ ВПО "РЭУ им. Г. В. Плеханова" _d2014 |
||
| 215 |
_a76 с. _cил. _d21 |
||
| 320 | _aБиблиогр.: с. 75-76 (19 назв.) | ||
| 606 | 1 |
_aПродовольственные комплексы _jУчебные издания для высших учебных заведений _yРоссийская Федерация _92127568 _3RU\NLR\AUTH\661284002 |
|
| 686 | 1 | _aУ9(2)-434(2Р)я73 | |
| 686 | 1 | _aУ32(2)-434(2Р)я73 | |
| 700 | 1 |
_aКарагодин _bВ. П. _gВасилий Петрович |
|
| 801 | 0 |
_aRU _bРГБ _c20150319 _gRCR |
|
| 942 | _cBOOK | ||
| 980 | _aNBR | ||